| 000 | 01883nam0a2200385 4500 | ||
|---|---|---|---|
| 001 | RU\NLR\bibl\979339 | ||
| 005 | 20250614213932.0 | ||
| 010 |
_a5-86185-190-5 _9150 |
||
| 021 |
_aRU _b2006-43686 _92183 |
||
| 035 | _a(nilc)EL/0000056295 | ||
| 035 | _a(NLR Aleph) 000967246 | ||
| 090 |
_a376790 _c376790 |
||
| 100 | _a20060327d2005 |||y0rusy50 ca | ||
| 101 | 0 |
_arus _deng |
|
| 102 | _aRU | ||
| 105 | _aa ||||||||| | ||
| 200 | 1 |
_aСборник задач по навигации _eучебное пособие по дисциплине "Навигация" для специальности 240200 "Судовождение" _fР.Б. Брандт, В.Я. Сарлаев, А.И. Санаев _gМ-во сельского хозяйства Рос. Федерации, Федер. агентство по рыболовству, Федер. гос. образоват. учреждение высш. проф. образования "Мурм. гос. техн. ун-т" |
|
| 210 |
_aМурманск _cИзд-во МГТУ _d2005 |
||
| 215 |
_a247 с. _cил. _d21 |
||
| 300 | _aРез. на англ. яз. | ||
| 320 | _aБиблиогр.: с. 175 (8 назв.) | ||
| 606 | 1 |
_aНавигация _jЗадачники _91136190 _3RU\NLR\auth\66133028 |
|
| 686 |
_a39.471.11я73 _vLBC/RL _2rubbk |
||
| 686 | _aО471.11я73-4 | ||
| 700 | 1 |
_aБрандт _bР. Б. _gРоман Борисович _4070 |
|
| 701 | 1 |
_4070 _aСарлаев _bВ. Я. _cканд. техн. наук _f1948- _gВалерий Яковлевич _9169016 _3RU\NLR\AUTH\770169066 |
|
| 701 | 1 |
_aСанаев _bА. И. _gАлександр Иванович _4070 |
|
| 801 | 0 |
_aRU _bМурманская ГОУНБ _c20060327 _grcr |
|
| 801 | 1 |
_aRU _bМурманская ГОУНБ _c20060327 |
|
| 801 | 2 |
_aRU _bNLR _c20060831 _grcr |
|
| 942 | _cBOOK | ||
| 980 | _aNB | ||
| 980 | _aNBR | ||